000 00285nam a22001337a 4500
008 170808b xxu||||| |||| 00| 0 eng d
020 _a9780130227430
041 _aeng
080 _a004
100 _a35
101 _aSHKI
245 _aDS FOR WINDOWS
_cWEISS, H.J
942 _2udc
_cBK
999 _c22923
_d22923